Salvación y paganismo: el problema teológico de la salvación de los infieles

Sparad:
Bibliografiska uppgifter
Huvudupphovsman: Santos Hernández, Angel (Författare, medförfattare)
Materialtyp: Bok
Språk:spanska
Publicerad: Santander Sal Terrae 1960
Upplaga:1a. ed
Serie:Bibliotheca Comillensis
Ämnen:
Taggar: Lägg till en tagg
Inga taggar, Lägg till första taggen!

MARC

LEADER 00000cam a2200000 a 4500
001 UCE4036
003 CL-VaPUC
008 141009e19600000sp |||||||||||||||||spa|d
082 0 4 |a 234.3  |b SAN  |2 21 
100 0 |a Santos Hernández, Angel  |e author  |9 576618 
245 1 0 |a Salvación y paganismo: el problema teológico de la salvación de los infieles 
250 |a 1a. ed 
300 |a 755 p 
942 |c BK 
945 |d 20141009 14:36:00  |a dcastane 
260 |a Santander  |b Sal Terrae  |c 1960 
650 0 |a Redención  |9 314279 
650 0 |a Salvación  |9 315007 
650 0 |a Teología cristiana  |9 308336 
650 0 |a Catequesis  |9 314526 
583 |a last modification  |c 20141009 14:36:00  |k Rodrigo Vera 
490 0 |a Bibliotheca Comillensis 
999 |c 357125  |d 357123 
952 |0 0  |1 0  |3 erb  |4 0  |6 234_300000000000000_SAN_1960  |7 0  |8 A  |9 464945  |a BIBTEO  |b BIBTEO  |i 4999568  |o 234.3 SAN 1960  |p 4999568  |r 2025-01-17  |w 2019-11-23  |y BK  |z Catalogado en:20141009  |k ICR